Представление документа в формате MARC21

Поле Инд. ПП Название Значение
Тип записи a
Библиографический уровень b
001 Контрольный номер RU/IS/BASE/264552964
005 Дата корректировки 20230526154513.8
008 Кодируемые данные 19951209
084 a Индекс другой классификации/Индекс ББК 81.411.2-1-03
097 00 a 750
100 10 a Автор Галинская Е. А.
245 00 a Заглавие Рефлексы фонемы [e^] в смоленском диалекте начала XVII в.
504 00 a Библиография Библиогр.: с. 99 - 100
650 04 a Основная рубрика диалектология
a Основная рубрика история языка
a Основная рубрика русский язык
a Основная рубрика филологические науки
a Основная рубрика фонетика
a Основная рубрика частное языкознание
a Основная рубрика языкознание
653 00 a Ключевые слова XVII век
a Ключевые слова говоры
a Ключевые слова историческая грамматика
a Ключевые слова историческая диалектология
a Ключевые слова историческая фонетика
a Ключевые слова фонемы
773 00 t Заглавие источника Вопросы языкознания
d Дата издания источника 1995
g Прочая информация № 4. - С. 94 - 100
w Контрольный № источника RU/IS/BASE/134584334
901 t Тип документа b